[Event "2. Open Sub 2200 Rutas de Cuenca 2015"]
[Site "Cuenca ESP"]
[Date "2015.06.19"]
[Round "2.1"]
[White "Roig Aguilar, Alejandro"]
[Black "Colliga Lopez, Victor"]
[Result "1/2-1/2"]
[WhiteElo "2199"]
[BlackElo "1999"]
[PlyCount "53"]
[EventDate "2015.06.19"]
[EventType "swiss"]
[EventRounds "7"]
[EventCountry "ESP"]
[Source "lmi"]
[SourceDate "2015.06.19"]

1. d4 Nf6 2. c4 g6 3. Nc3 d5 4. Nf3 Bg7 5. Bg5 Ne4 6. cxd5 Nxg5 7. Nxg5 e6 8.
Nf3 exd5 9. b4 O-O 10. e3 c6 11. Bd3 Nd7 12. O-O Re8 13. b5 c5 14. Nxd5 Ne5 15.
Nxe5 Bxe5 16. Bc4 cxd4 17. exd4 Bg7 18. Qb3 Be6 19. Rad1 Rc8 20. Rfe1 Qd7 21.
Kf1 h5 22. b6 Bxd5 23. Rxe8+ Rxe8 24. Bxd5 axb6 25. Bf3 Bxd4 26. Qd5 Qxd5 27.
Bxd5 1/2-1/2

[Event "2. Open Sub 2200 Rutas de Cuenca 2015"]
[Site "Cuenca ESP"]
[Date "2015.06.19"]
[Round "2.2"]
[White "Fornieles Gomez, Antonio"]
[Black "Jimenez Almeida, Luis David"]
[Result "0-1"]
[WhiteElo "1996"]
[BlackElo "2185"]
[PlyCount "58"]
[EventDate "2015.06.19"]
[EventType "swiss"]
[EventRounds "7"]
[EventCountry "ESP"]
[Source "lmi"]
[SourceDate "2015.06.19"]

1. d4 Nf6 2. Nf3 g6 3. g3 Bg7 4. Bg2 O-O 5. O-O d5 6. Ne5 Nfd7 7. f4 e6 8. Nd2
c5 9. e3 b5 10. c3 Qb6 11. Kh1 Bb7 12. Ndf3 b4 13. Bd2 a5 14. Qe1 cxd4 15. exd4
bxc3 16. Bxc3 Nf6 17. g4 Ne4 18. g5 Rc8 19. Ng4 Nc6 20. Nfe5 Qd8 21. Rf3 Nxe5
22. dxe5 d4 23. Rh3 dxc3 24. bxc3 Rc4 25. Rd1 Qe7 26. Nf6+ Nxf6 27. gxf6 Bxg2+
28. Kxg2 Qb7+ 29. Kg3 Bf8 0-1

[Event "2. Open Sub 2200 Rutas de Cuenca 2015"]
[Site "Cuenca ESP"]
[Date "2015.06.19"]
[Round "2.3"]
[White "Prieto Aranguren, Alain"]
[Black "Garcia Galeote, Lorenzo"]
[Result "1-0"]
[WhiteElo "2167"]
[BlackElo "1993"]
[PlyCount "127"]
[EventDate "2015.06.19"]
[EventType "swiss"]
[EventRounds "7"]
[EventCountry "ESP"]
[Source "lmi"]
[SourceDate "2015.06.19"]

1. d4 d6 2. Nf3 Nc6 3. d5 Ne5 4. Nxe5 dxe5 5. e4 Nf6 6. f3 g6 7. c4 Bg7 8. Be3
O-O 9. Nc3 e6 10. Qb3 exd5 11. cxd5 c6 12. Rd1 cxd5 13. Nxd5 Nxd5 14. Rxd5 Qh4+
15. Bf2 Qg5 16. h4 Qf6 17. Bc5 Rd8 18. Rxd8+ Qxd8 19. Bc4 Qc7 20. Be3 a6 21.
Bb6 Qe7 22. h5 Be6 23. Bxe6 Qxe6 24. Qxe6 fxe6 25. hxg6 hxg6 26. Ba5 Rc8 27.
Bc3 b5 28. Kd2 Rc4 29. a3 Rc8 30. Ke2 a5 31. Rd1 Bh6 32. Kd3 a4 33. Bxe5 Bg7
34. Bxg7 Kxg7 35. Rd2 Kf6 36. Rc2 Rd8+ 37. Ke2 Rb8 38. f4 b4 39. e5+ Kf7 40.
Rc7+ Kf8 41. Ra7 bxa3 42. bxa3 Rb2+ 43. Kf1 Rb1+ 44. Kf2 Rb2+ 45. Kg1 g5 46.
Rxa4 Rb3 47. Kf2 Kg7 48. fxg5 Kg6 49. Ra6 Kxg5 50. Rxe6 Rxa3 51. Re8 Kf5 52. e6
Kf6 53. g3 Rb3 54. Kg2 Rb5 55. Kh3 Rb4 56. g4 Rb1 57. Rf8+ Kxe6 58. Kh4 Rb7 59.
Kh5 Rb4 60. g5 Ke7 61. Rf1 Rb8 62. Kh6 Rh8+ 63. Kg7 Rh2 64. g6 1-0

[Event "2. Open Sub 2200 Rutas de Cuenca 2015"]
[Site "Cuenca ESP"]
[Date "2015.06.19"]
[Round "2.4"]
[White "Torres Ferrandez, Mario"]
[Black "Serna Lara, Sergio"]
[Result "0-1"]
[WhiteElo "1967"]
[BlackElo "2166"]
[PlyCount "62"]
[EventDate "2015.06.19"]
[EventType "swiss"]
[EventRounds "7"]
[EventCountry "ESP"]
[Source "lmi"]
[SourceDate "2015.06.19"]

1. f4 d5 2. Nf3 g6 3. g3 Bg7 4. Bg2 Nh6 5. e3 O-O 6. d4 Nd7 7. O-O Nf6 8. c4 c6
9. Qe2 Nf5 10. Nc3 Nd6 11. Nd2 Bg4 12. Qf2 dxc4 13. e4 Nb5 14. h3 Nxd4 15. e5
Bf5 16. exf6 Bxf6 17. Nde4 Bg7 18. Be3 Nb5 19. Nxb5 cxb5 20. g4 Bc8 21. Bxa7
Rxa7 22. Rfd1 Qa5 23. f5 Ra6 24. Qh4 Qb6+ 25. Kh1 gxf5 26. Rd6 exd6 27. Ng5 h6
28. Nxf7 d5 29. Bxd5 Be6 30. Rd1 Bxd5+ 31. Rxd5 Qc6 0-1

[Event "2. Open Sub 2200 Rutas de Cuenca 2015"]
[Site "Cuenca ESP"]
[Date "2015.06.19"]
[Round "2.5"]
[White "Vazquez Gonzalez, Jesus"]
[Black "Aziz Ortego, Omar Luis"]
[Result "0-1"]
[WhiteElo "1963"]
[BlackElo "2121"]
[PlyCount "72"]
[EventDate "2015.06.19"]
[EventType "swiss"]
[EventRounds "7"]
[EventCountry "ESP"]
[Source "lmi"]
[SourceDate "2015.06.19"]

1. b3 e5 2. Bb2 d6 3. e3 f5 4. c4 Nf6 5. Nf3 c6 6. Be2 Be7 7. d3 Nbd7 8. Nbd2
Nf8 9. c5 e4 10. dxe4 fxe4 11. Ng5 d5 12. Qc2 h6 13. Nh3 g5 14. O-O-O Qa5 15.
Kb1 Bf5 16. Bh5+ Kd8 17. f3 N8d7 18. fxe4 Nxe4 19. Bxh8 Nxd2+ 20. Rxd2 Bxc2+
21. Rxc2 Nxc5 22. Nf2 Kd7 23. Be5 Rf8 24. Bg7 Rg8 25. Bg4+ Ke8 26. Bh5+ Kd8 27.
Bc3 Qc7 28. Ng4 Ne4 29. Be5 Bd6 30. Bb2 Rf8 31. Rd1 Qh7 32. a4 Nf2 33. Nf6 Rxf6
34. Bxf6+ Kd7 35. Rf1 Ne4 36. Bd4 Nd2+ 0-1

[Event "2. Open Sub 2200 Rutas de Cuenca 2015"]
[Site "Cuenca ESP"]
[Date "2015.06.19"]
[Round "2.6"]
[White "Martin Rodriguez, Emilio"]
[Black "Pastor Jimenez, Daniel"]
[Result "1-0"]
[WhiteElo "2118"]
[BlackElo "1973"]
[PlyCount "57"]
[EventDate "2015.06.19"]
[EventType "swiss"]
[EventRounds "7"]
[EventCountry "ESP"]
[Source "lmi"]
[SourceDate "2015.06.19"]

1. d4 Nf6 2. c4 g6 3. Nc3 d5 4. Bg5 Bg7 5. Nf3 Ne4 6. Bh4 Nxc3 7. bxc3 c5 8. e3
Nc6 9. Be2 O-O 10. O-O Re8 11. Rb1 cxd4 12. cxd4 dxc4 13. Bxc4 Na5 14. Be2 Be6
15. a3 Rc8 16. Rb4 Rc3 17. a4 Qd6 18. Rb5 b6 19. Bg3 Qa3 20. d5 Bd7 21. d6 e6
22. Ne5 Bxb5 23. Bxb5 Rd8 24. d7 Rc5 25. Qd6 Bf8 26. Qd4 Qc3 27. Qh4 Nb7 28.
Qf6 Rxd7 29. Bxd7 1-0

[Event "2. Open Sub 2200 Rutas de Cuenca 2015"]
[Site "Cuenca ESP"]
[Date "2015.06.19"]
[Round "2.7"]
[White "Trabazos Gallego, Javier"]
[Black "Mayer Schwartz, Rene"]
[Result "1/2-1/2"]
[WhiteElo "1923"]
[BlackElo "2090"]
[PlyCount "52"]
[EventDate "2015.06.19"]
[EventType "swiss"]
[EventRounds "7"]
[EventCountry "ESP"]
[Source "lmi"]
[SourceDate "2015.06.19"]

1. e4 e5 2. d4 exd4 3. Qxd4 Nc6 4. Qe3 g6 5. Nc3 Bg7 6. Bd2 Nf6 7. O-O-O O-O 8.
h3 d5 9. exd5 Nxd5 10. Nxd5 Qxd5 11. Qb3 Be6 12. Qxd5 Bxd5 13. Ne2 a5 14. Nc3
Be6 15. Be2 Nd4 16. Bd3 b5 17. Bxb5 Nxb5 18. Nxb5 Bxb2+ 19. Kxb2 Rfb8 20. Be3
Rxb5+ 21. Ka1 Kf8 22. Rb1 c6 23. Rxb5 cxb5 24. Rd1 Rc8 25. Kb2 h5 26. h4 Ke8
1/2-1/2

[Event "2. Open Sub 2200 Rutas de Cuenca 2015"]
[Site "Cuenca ESP"]
[Date "2015.06.19"]
[Round "2.8"]
[White "Nadal Fajardo, Ricard"]
[Black "Garcia Gata, Jorge D"]
[Result "1/2-1/2"]
[WhiteElo "1912"]
[BlackElo "2054"]
[PlyCount "128"]
[EventDate "2015.06.19"]
[EventType "swiss"]
[EventRounds "7"]
[EventCountry "ESP"]
[Source "lmi"]
[SourceDate "2015.06.19"]

1. d4 Nf6 2. Nf3 c5 3. c3 e6 4. Bf4 Nc6 5. e3 Qb6 6. Qb3 d5 7. Nbd2 Be7 8. h3
O-O 9. Be2 Bd7 10. O-O Rfc8 11. Ne5 Nxe5 12. Bxe5 Ne8 13. dxc5 Bxc5 14. Bd4
Bxd4 15. exd4 Nd6 16. Bd3 Bb5 17. Bxb5 Qxb5 18. Rfe1 a5 19. Qxb5 Nxb5 20. a4
Nd6 21. Kf1 Nc4 22. Nxc4 Rxc4 23. Ra3 Kf8 24. Ke2 Rb8 25. Kd3 b5 26. axb5 Rxb5
27. b3 Rc7 28. Rea1 Ke7 29. R1a2 Kd6 30. f4 Rcb7 31. Rxa5 Rxb3 32. Ra6+ Ke7 33.
Ra7 Kf6 34. Rxb7 Rxb7 35. Ke3 Rb3 36. Rc2 Rb1 37. Kf3 h5 38. Re2 Rc1 39. Re3 g6
40. g3 Ra1 41. Re2 Rh1 42. Kg2 Rc1 43. Re3 Ke7 44. g4 Kf6 45. Kg3 hxg4 46. hxg4
g5 47. fxg5+ Kxg5 48. Re5+ f5 49. gxf5 exf5 50. Rxd5 Rxc3+ 51. Kf2 Kf4 52. Re5
Rc4 53. Re3 Rxd4 54. Rf3+ Ke5 55. Re3+ Re4 56. Kf3 Kd4 57. Rxe4+ fxe4+ 58. Ke2
e3 59. Ke1 Kd3 60. Kd1 Ke4 61. Ke2 Kf4 62. Ke1 Kf3 63. Kf1 e2+ 64. Ke1 Ke3
1/2-1/2

[Event "2. Open Sub 2200 Rutas de Cuenca 2015"]
[Site "Cuenca ESP"]
[Date "2015.06.19"]
[Round "2.9"]
[White "Molano Lafuente, Ismael"]
[Black "Vazquez Gonzalez, Francisco"]
[Result "1-0"]
[WhiteElo "2045"]
[BlackElo "1966"]
[PlyCount "97"]
[EventDate "2015.06.19"]
[EventType "swiss"]
[EventRounds "7"]
[EventCountry "ESP"]
[Source "lmi"]
[SourceDate "2015.06.19"]

1. f4 f5 2. Nf3 Nf6 3. b4 e6 4. b5 d5 5. Bb2 a6 6. a4 axb5 7. axb5 Rxa1 8. Bxa1
c6 9. e3 Bd6 10. Be2 O-O 11. O-O Bd7 12. Nc3 Qb6 13. bxc6 bxc6 14. Qb1 Qa7 15.
Qa2 Qc7 16. Rb1 Bc8 17. Na4 Nbd7 18. Nd4 Nc5 19. Nxc5 Bxc5 20. Nb3 Bd6 21. c4
Ne4 22. d3 Nc5 23. Nxc5 Bxc5 24. d4 Bd6 25. c5 Be7 26. Bc3 Bd8 27. Qa8 Be7 28.
Ba5 Qd7 29. Bd1 Qe8 30. Rb8 g5 31. Be1 gxf4 32. exf4 e5 33. fxe5 f4 34. Bf3 Qd7
35. Rb6 Bd8 36. Qxc6 Bxb6 37. Qxd7 Bxd7 38. Bxd5+ Kg7 39. cxb6 Bb5 40. Bb4 Rc8
41. Bc5 Ba6 42. Kf2 Rb8 43. Kf3 Bb7 44. Bxb7 Rxb7 45. Kxf4 Rf7+ 46. Ke4 Rf2 47.
Kd5 Rxg2 48. b7 Rb2 49. Kc6 1-0

[Event "2. Open Sub 2200 Rutas de Cuenca 2015"]
[Site "Cuenca ESP"]
[Date "2015.06.19"]
[Round "2.10"]
[White "Alvarez Morales, Miguel"]
[Black "Fernandez Cano, Victor"]
[Result "0-1"]
[WhiteElo "2028"]
[BlackElo "1955"]
[PlyCount "90"]
[EventDate "2015.06.19"]
[EventType "swiss"]
[EventRounds "7"]
[EventCountry "ESP"]
[Source "lmi"]
[SourceDate "2015.06.19"]

1. c4 Nf6 2. Nc3 g6 3. e4 d6 4. d4 Bg7 5. Be2 O-O 6. Nf3 e5 7. O-O Na6 8. dxe5
dxe5 9. Bg5 Qe8 10. Qc2 c6 11. a3 Nc5 12. b4 Ne6 13. Bd2 Nd7 14. c5 Nd4 15. Qd3
Nxe2+ 16. Qxe2 f5 17. Ng5 Nf6 18. Rad1 h6 19. Nf3 Kh7 20. Bc1 Nh5 21. Rfe1 f4
22. Nd2 Be6 23. f3 Qe7 24. Nf1 Rad8 25. Rxd8 Rxd8 26. Rd1 Rxd1 27. Qxd1 Bf6 28.
Bd2 Ng7 29. Be1 Ne8 30. Qe2 Nc7 31. Nd1 g5 32. Nf2 Nb5 33. a4 Nc7 34. Nd3 Bc4
35. Nd2 Qf7 36. Nxc4 Qxc4 37. Kf2 a5 38. bxa5 Na6 39. Qd2 Nxc5 40. Nxc5 Qxc5+
41. Ke2 Kg6 42. Kd3 Bd8 43. Qc3 Qxc3+ 44. Bxc3 Bc7 45. Kc2 Kf6 0-1

[Event "2. Open Sub 2200 Rutas de Cuenca 2015"]
[Site "Cuenca ESP"]
[Date "2015.06.19"]
[Round "2.11"]
[White "Calleja Aletta, Jacobo"]
[Black "Carruana Fuentes, Rafael"]
[Result "0-1"]
[WhiteElo "1704"]
[BlackElo "2015"]
[PlyCount "122"]
[EventDate "2015.06.19"]
[EventType "swiss"]
[EventRounds "7"]
[EventCountry "ESP"]
[Source "lmi"]
[SourceDate "2015.06.19"]

1. c4 e5 2. Nc3 f5 3. e4 d6 4. Nf3 Nf6 5. Qb3 fxe4 6. Ng5 h6 7. Ngxe4 Be7 8.
Nxf6+ Bxf6 9. Be2 O-O 10. c5+ Kh8 11. cxd6 cxd6 12. Bf3 Nc6 13. Ne2 Qe7 14. d3
Be6 15. Bd5 Bxd5 16. Qxd5 Rac8 17. O-O Nb4 18. Qb3 Na6 19. Be3 b6 20. Qa3 Nc5
21. Ng3 d5 22. b4 Ne6 23. Nf5 Qd7 24. Rac1 d4 25. Bd2 Nf4 26. Ng3 Bh4 27. Bxf4
exf4 28. Ne4 f3 29. h3 fxg2 30. Kxg2 Rce8 31. Rc2 Qf5 32. f3 Re6 33. b5 Rg6+
34. Kh2 Qf4+ 35. Kh1 Rf5 36. Qb3 Rf8 37. Qd5 Qe3 38. Qb3 Bf6 39. Qa3 Re8 40.
Qb3 Be5 41. Qf7 Rge6 42. Rd2 R6e7 43. Qf5 Kg8 44. f4 Rf8 45. Qh5 Rxf4 46. Rxf4
Qxf4 47. Rf2 Qe3 48. Qf5 Qc1+ 49. Rf1 Qc7 50. Qf8+ Kh7 51. Qf5+ g6 52. Qf8 Bg7
53. Qf3 Qe5 54. Rc1 Qf5 55. Rf1 Qxf3+ 56. Rxf3 g5 57. Kg2 Kg6 58. Kg3 Re5 59.
a4 a6 60. bxa6 Ra5 61. Nd6 Be5+ 0-1

[Event "2. Open Sub 2200 Rutas de Cuenca 2015"]
[Site "Cuenca ESP"]
[Date "2015.06.19"]
[Round "2.12"]
[White "Soares, Luis Francisco Alme"]
[Black "Ruiz Bellon, Manuel"]
[Result "1/2-1/2"]
[WhiteElo "2006"]
[BlackElo "1866"]
[PlyCount "164"]
[EventDate "2015.06.19"]
[EventType "swiss"]
[EventRounds "7"]
[EventCountry "ESP"]
[Source "lmi"]
[SourceDate "2015.06.19"]

1. d4 g6 2. c4 Bg7 3. Nc3 d6 4. e4 Nc6 5. Be3 e5 6. Nge2 exd4 7. Nxd4 Nf6 8. f3
O-O 9. Qd2 Nxd4 10. Bxd4 c6 11. O-O-O Qa5 12. Kb1 Be6 13. Bxf6 Bxf6 14. Nd5 Qd8
15. Nxf6+ Qxf6 16. Be2 Rfd8 17. Qe3 Rab8 18. g4 b5 19. cxb5 a6 20. e5 dxe5 21.
bxa6 Bd5 22. Rd2 Qe6 23. Ka1 Rb4 24. Qa3 Qe7 25. Rhd1 Rdb8 26. h4 h6 27. Rc1
Qa7 28. Rdc2 Qb6 29. Rd2 Be6 30. h5 g5 31. Bd3 Bd5 32. Be2 Ra8 33. Rb1 Bc4 34.
Bxc4 Rxc4 35. Rbd1 Rd4 36. Rxd4 exd4 37. Qd6 Qxa6 38. a3 c5 39. Qxc5 Qe2 40.
Qxd4 Qxf3 41. Qd5 Qxd5 42. Rxd5 Ra4 43. b4 Rxa3+ 44. Kb2 Re3 45. Rd4 Kf8 46. b5
Re6 47. Kc3 Ke7 48. Kc4 Re1 49. Kc5 Rc1+ 50. Kb6 Ke6 51. Ka7 f5 52. gxf5+ Kxf5
53. Rd6 Rc7+ 54. Kb6 Rh7 55. Rd1 g4 56. Kc6 Kg5 57. Rh1 g3 58. b6 Rf7 59. b7
Rf6+ 60. Kc7 Rf7+ 61. Kb6 Rf6+ 62. Ka7 Rf2 63. b8=Q Ra2+ 64. Kb7 Rb2+ 65. Kc7
Rxb8 66. Kxb8 g2 67. Rg1 Kxh5 68. Rxg2 Kh4 69. Kc7 Kh3 70. Rg1 h5 71. Rh1+ Kg4
72. Kd6 h4 73. Ke5 Kg3 74. Kf5 h3 75. Ra1 h2 76. Ra3+ Kg2 77. Ra2+ Kg3 78. Ra3+
Kg2 79. Ra2+ Kg3 80. Ra1 Kg2 81. Kg4 h1=Q 82. Ra2+ Kf1 1/2-1/2

[Event "2. Open Sub 2200 Rutas de Cuenca 2015"]
[Site "Cuenca ESP"]
[Date "2015.06.19"]
[Round "2.14"]
[White "Alvarez Serrano, Carlos"]
[Black "Navarro Cabrera, Carlos"]
[Result "1-0"]
[WhiteElo "2004"]
[BlackElo "1810"]
[PlyCount "99"]
[EventDate "2015.06.19"]
[EventType "swiss"]
[EventRounds "7"]
[EventCountry "ESP"]
[Source "lmi"]
[SourceDate "2015.06.19"]

1. Nf3 c5 2. c4 Nc6 3. Nc3 g6 4. g3 Bg7 5. Bg2 Nf6 6. e4 O-O 7. O-O d6 8. d3
Bg4 9. h3 Bxf3 10. Qxf3 Nd7 11. Qd1 Rb8 12. Be3 a6 13. Qd2 b5 14. cxb5 axb5 15.
Bh6 Nd4 16. Bxg7 Kxg7 17. Ne2 Nxe2+ 18. Qxe2 Ne5 19. f4 Nc6 20. e5 Nd4 21. Qe4
Qd7 22. Rac1 b4 23. Kh2 Ra8 24. Qd5 Ra7 25. g4 Qe6 26. exd6 exd6 27. Rce1 Qxd5
28. Bxd5 Rd8 29. Re4 Kf8 30. f5 Re8 31. fxg6 hxg6 32. Ref4 Re2+ 33. R1f2 Rae7
34. h4 f5 35. gxf5 gxf5 36. Kg2 Rg7+ 37. Kh2 Rge7 38. Be4 Rxf2+ 39. Rxf2 Ra7
40. Bd5 Ke7 41. Rf1 Kf6 42. Rf2 Ke5 43. Bg8 d5 44. h5 Ra6 45. Kh3 Rh6 46. Kh4
Rh8 47. Bf7 Nc6 48. Kg5 Ne7 49. Re2+ Kd6 50. Kf6 1-0

[Event "2. Open Sub 2200 Rutas de Cuenca 2015"]
[Site "Cuenca ESP"]
[Date "2015.06.20"]
[Round "3.1"]
[White "Jimenez Almeida, Luis David"]
[Black "Molano Lafuente, Ismael"]
[Result "1-0"]
[WhiteElo "2185"]
[BlackElo "2045"]
[PlyCount "79"]
[EventDate "2015.06.19"]
[EventType "swiss"]
[EventRounds "7"]
[EventCountry "ESP"]
[Source "lmi"]
[SourceDate "2015.06.19"]

1. Nf3 d5 2. c4 e6 3. g3 c6 4. Qc2 f5 5. Bg2 Nf6 6. O-O Bd6 7. d3 O-O 8. Nc3
Bc7 9. b4 d4 10. Na4 e5 11. e3 dxe3 12. Bxe3 f4 13. Bc5 Re8 14. b5 Bf5 15. Rad1
Qc8 16. Rfe1 Bh3 17. Bh1 Qg4 18. d4 Nbd7 19. bxc6 bxc6 20. dxe5 Nxe5 21. Nxe5
Bxe5 22. Qb3 fxg3 23. hxg3 Qh5 24. Bxc6 Rab8 25. Qa3 Bg4 26. Rb1 Rbc8 27. Bh1
Bf5 28. Rbc1 Ng4 29. Bg2 Qh2+ 30. Kf1 Rcd8 31. Rcd1 Bc7 32. Rxd8 Rxd8 33. Nb2
h5 34. Qf3 g6 35. Bxa7 Be5 36. Rd1 Rxd1+ 37. Nxd1 Bc2 38. Qd5+ Kg7 39. Ne3
Nxe3+ 40. Bxe3 1-0

[Event "2. Open Sub 2200 Rutas de Cuenca 2015"]
[Site "Cuenca ESP"]
[Date "2015.06.20"]
[Round "3.2"]
[White "Carruana Fuentes, Rafael"]
[Black "Prieto Aranguren, Alain"]
[Result "0-1"]
[WhiteElo "2015"]
[BlackElo "2167"]
[PlyCount "116"]
[EventDate "2015.06.19"]
[EventType "swiss"]
[EventRounds "7"]
[EventCountry "ESP"]
[Source "lmi"]
[SourceDate "2015.06.19"]

1. d4 Nf6 2. Nf3 g6 3. c4 Bg7 4. Nc3 O-O 5. g3 d6 6. Bg2 Nbd7 7. O-O c6 8. e4
e5 9. h3 Qb6 10. d5 cxd5 11. cxd5 Nc5 12. Qe2 Bd7 13. Rd1 Rfc8 14. Be3 Qa6 15.
Qxa6 bxa6 16. Ne1 Rab8 17. Rab1 a5 18. f3 Bf8 19. Bf1 Be7 20. Kg2 Bd8 21. Nd3
Nxd3 22. Bxd3 Bb6 23. Bxb6 axb6 24. a4 Rc5 25. Rd2 Rbc8 26. Nb5 Ne8 27. b4 Rc1
28. Rbb2 Ra1 29. bxa5 bxa5 30. Ra2 Rcc1 31. h4 Rh1 32. Rxa1 Rxa1 33. Nc3 Ra3
34. Bb5 Bxb5 35. Nxb5 Rxa4 36. Rc2 Kf8 37. Rc8 Ke7 38. Ra8 Ra2+ 39. Kh3 a4 40.
g4 Rb2 41. Ra7+ Kf8 42. Ra5 Rb4 43. Kg3 f5 44. gxf5 gxf5 45. exf5 Ke7 46. Nc3
Nf6 47. Ra7+ Kf8 48. Nxa4 Nxd5 49. Ra5 Ne7 50. Nc3 Nxf5+ 51. Kf2 Rb2+ 52. Kf1
Nxh4 53. Ne4 Nf5 54. Ra6 Ne3+ 55. Ke1 d5 56. Nd2 d4 57. Re6 Kf7 58. Rxe5 Rxd2
0-1

[Event "2. Open Sub 2200 Rutas de Cuenca 2015"]
[Site "Cuenca ESP"]
[Date "2015.06.20"]
[Round "3.3"]
[White "Serna Lara, Sergio"]
[Black "Alvarez Serrano, Carlos"]
[Result "1/2-1/2"]
[WhiteElo "2166"]
[BlackElo "2004"]
[PlyCount "69"]
[EventDate "2015.06.19"]
[EventType "swiss"]
[EventRounds "7"]
[EventCountry "ESP"]
[Source "lmi"]
[SourceDate "2015.06.19"]

1. Nf3 c5 2. c4 Nc6 3. Nc3 g6 4. e3 Bg7 5. d4 cxd4 6. exd4 d6 7. Be2 Nh6 8. d5
Nb8 9. h3 O-O 10. O-O Nd7 11. Bg5 Ne5 12. Nd4 Kh8 13. Qd2 Ng8 14. Rac1 h6 15.
Be3 a5 16. b3 Nd7 17. Rfe1 Nc5 18. Bf1 Kh7 19. Nde2 b6 20. Ng3 Nf6 21. Bd4 Re8
22. Bd3 Bd7 23. Bc2 Qc8 24. Kh2 Qb7 25. a4 Qc8 26. Re2 Qc7 27. Rce1 Ng8 28.
Bxg7 Kxg7 29. Qd4+ Kh7 30. Kg1 e5 31. dxe6 Nxe6 32. Qd2 Bc6 33. Be4 Nc5 34.
Bxc6 Qxc6 35. Rxe8 1/2-1/2

[Event "2. Open Sub 2200 Rutas de Cuenca 2015"]
[Site "Cuenca ESP"]
[Date "2015.06.20"]
[Round "3.5"]
[White "Cebrian Flores, Juan Antonio"]
[Black "Martin Rodriguez, Emilio"]
[Result "1/2-1/2"]
[WhiteElo "2005"]
[BlackElo "2118"]
[PlyCount "122"]
[EventDate "2015.06.19"]
[EventType "swiss"]
[EventRounds "7"]
[EventCountry "ESP"]
[Source "lmi"]
[SourceDate "2015.06.19"]

1. d4 d5 2. c4 c6 3. Nf3 Nf6 4. e3 g6 5. Nc3 Bg7 6. Be2 O-O 7. O-O Bg4 8. cxd5
Nxd5 9. Qb3 b6 10. Rd1 a5 11. e4 Nxc3 12. bxc3 a4 13. Qc2 Qc7 14. Ba3 Rd8 15.
h3 Bxf3 16. Bxf3 e5 17. d5 Nd7 18. Qd2 cxd5 19. exd5 Rac8 20. Rac1 Nc5 21. Be2
e4 22. Bb5 Nd3 23. d6 Rxd6 24. Bxd6 Qxd6 25. Qe3 Qa3 26. Bxd3 exd3 27. Rxd3
Qxa2 28. Rcd1 h5 29. Rd8+ Rxd8 30. Rxd8+ Kh7 31. Qxb6 Qa1+ 32. Kh2 Qxc3 33. Qa7
a3 34. Ra8 h4 35. Qxf7 Qe5+ 36. f4 Qe3 37. Re8 Qg3+ 38. Kg1 Qc3 39. f5 Qc1+ 40.
Kh2 Qf4+ 41. Kg1 Qxf5 42. Qxf5 gxf5 43. Ra8 Bb2 44. Ra6 Kg7 45. Kf2 Kf7 46. Ke3
Bc1+ 47. Kd3 Ke7 48. Kc2 Bb2 49. Kb3 Kf7 50. Rh6 Bf6 51. Rh7+ Kg6 52. Rd7 Bb2
53. Ra7 Kg5 54. Ra4 Bc1 55. Kc2 Bb2 56. Kd1 Kh5 57. Ke2 Kg5 58. Kf3 Bc1 59. Ra8
Kf6 60. Ra4 Kg5 61. Ra6 Bb2 1/2-1/2

[Event "2. Open Sub 2200 Rutas de Cuenca 2015"]
[Site "Cuenca ESP"]
[Date "2015.06.20"]
[Round "3.6"]
[White "Fernandez Cano, Victor"]
[Black "Roig Aguilar, Alejandro"]
[Result "0-1"]
[WhiteElo "1955"]
[BlackElo "2199"]
[PlyCount "78"]
[EventDate "2015.06.19"]
[EventType "swiss"]
[EventRounds "7"]
[EventCountry "ESP"]
[Source "lmi"]
[SourceDate "2015.06.19"]

1. Nf3 Nf6 2. d4 e6 3. c4 Bb4+ 4. Nc3 c5 5. e3 O-O 6. Bd3 d5 7. O-O dxc4 8.
Bxc4 cxd4 9. exd4 b6 10. a3 Bxc3 11. bxc3 Qc7 12. Qe2 Bb7 13. Bd2 Nc6 14. Bd3
Na5 15. Rab1 Rac8 16. Ne5 Nd7 17. f4 f5 18. Nf3 Rfe8 19. Rfe1 Nf6 20. Ng5 Bd5
21. Rb5 Nc4 22. a4 Nxd2 23. Qxd2 h6 24. Nf3 Qxc3 25. Qxc3 Rxc3 26. Bxf5 a6 27.
Rxd5 exd5 28. Rxe8+ Nxe8 29. Be6+ Kf8 30. Bxd5 b5 31. axb5 axb5 32. Ne5 Nd6 33.
Kf2 b4 34. Ke2 b3 35. Kd2 b2 36. Ba2 Ne4+ 37. Ke2 Rc1 38. Kd3 Nc3 39. Nc4 Nxa2
0-1

[Event "2. Open Sub 2200 Rutas de Cuenca 2015"]
[Site "Cuenca ESP"]
[Date "2015.06.20"]
[Round "3.7"]
[White "Garcia Amoros, Pablo"]
[Black "Soares, Luis Francisco Alme"]
[Result "1-0"]
[WhiteElo "2169"]
[BlackElo "2006"]
[PlyCount "89"]
[EventDate "2015.06.19"]
[EventType "swiss"]
[EventRounds "7"]
[EventCountry "ESP"]
[Source "lmi"]
[SourceDate "2015.06.19"]

1. e4 c5 2. Nf3 Na6 3. Bb5 Qb6 4. Nc3 e6 5. Bxa6 Qxa6 6. d4 d5 7. Ne5 Qb6 8.
dxc5 Bxc5 9. O-O d4 10. Na4 Qc7 11. Nxf7 Kxf7 12. Qh5+ g6 13. Qxc5 Qxc5 14.
Nxc5 Ne7 15. Bf4 Nc6 16. Nd3 Kf6 17. Bd6 b6 18. f4 Ba6 19. Rf2 Rhd8 20. Ba3 h5
21. g3 Rac8 22. h3 Rd7 23. g4 hxg4 24. hxg4 Rh7 25. g5+ Kg7 26. Re1 Rch8 27.
Rg2 Rh4 28. Nb4 Nxb4 29. Bxb4 Rd8 30. Be7 Rd7 31. Bf6+ Kf7 32. Be5 d3 33. Rd2
Ke8 34. cxd3 Rdh7 35. f5 Rg4+ 36. Rg2 Rxg2+ 37. Kxg2 exf5 38. exf5 gxf5 39. g6
Rh5 40. Bf6+ Kf8 41. Re7 Bb5 42. Rh7 Bc6+ 43. Kg1 Bf3 44. Rc7 Ke8 45. Re7+ 1-0

[Event "2. Open Sub 2200 Rutas de Cuenca 2015"]
[Site "Cuenca ESP"]
[Date "2015.06.20"]
[Round "3.8"]
[White "Colliga Lopez, Victor"]
[Black "Sanchez Barbado, Carlos"]
[Result "1/2-1/2"]
[WhiteElo "1999"]
[BlackElo "2153"]
[PlyCount "90"]
[EventDate "2015.06.19"]
[EventType "swiss"]
[EventRounds "7"]
[EventCountry "ESP"]
[Source "lmi"]
[SourceDate "2015.06.19"]

1. e4 c5 2. Nf3 e6 3. d4 cxd4 4. Nxd4 Nf6 5. Nc3 Nc6 6. Ndb5 Bb4 7. a3 Bxc3+ 8.
Nxc3 d5 9. exd5 exd5 10. Bd3 O-O 11. O-O d4 12. Ne2 Bg4 13. f3 Bh5 14. Bg5 Qd6
15. Qd2 Bg6 16. Bxg6 hxg6 17. Rad1 Qc5 18. Nxd4 Nxd4 19. Be3 Nxf3+ 20. Rxf3 Qb5
21. Bd4 Rad8 22. Re1 Rfe8 23. Rfe3 Rxe3 24. Qxe3 Re8 25. Qd2 Rd8 26. Qc3 Nd5
27. Qc5 Qd7 28. c3 Qg4 29. Qc4 Nf4 30. Qf1 Rd5 31. Qf3 Qxf3 32. gxf3 Ne6 33.
Be3 a6 34. Re2 b5 35. Rd2 Rxd2 36. Bxd2 Kf8 37. Kf2 Ke7 38. Ke2 Kd6 39. Kd3 Kd5
40. Be3 f5 41. b3 f4 42. Bd4 Ng5 43. Ke2 Ne6 44. Kd3 Ng5 45. Ke2 Ne6 1/2-1/2

[Event "2. Open Sub 2200 Rutas de Cuenca 2015"]
[Site "Cuenca ESP"]
[Date "2015.06.20"]
[Round "3.9"]
[White "Mayer Schwartz, Rene"]
[Black "Villar, Juan"]
[Result "1/2-1/2"]
[WhiteElo "2090"]
[BlackElo "1985"]
[PlyCount "97"]
[EventDate "2015.06.19"]
[EventType "swiss"]
[EventRounds "7"]
[EventCountry "ESP"]
[Source "lmi"]
[SourceDate "2015.06.19"]

1. Nf3 c5 2. b3 Nc6 3. Bb2 d6 4. d4 cxd4 5. Nxd4 e5 6. Nxc6 bxc6 7. c4 Nf6 8.
g3 Be7 9. Bg2 Qc7 10. O-O O-O 11. Qc2 Be6 12. Nd2 Rac8 13. Rac1 Qb8 14. Qc3 Nd7
15. e4 d5 16. f4 f6 17. fxe5 Nxe5 18. cxd5 cxd5 19. Qd4 dxe4 20. Qxe4 Bd6 21.
Nf3 Nxf3+ 22. Qxf3 Qb6+ 23. Kh1 Qa6 24. a3 Qb5 25. b4 a5 26. Rfd1 Rxc1 27. Bxc1
Be5 28. Qc6 Qxc6 29. Bxc6 axb4 30. axb4 Bb3 31. Bd5+ Bxd5+ 32. Rxd5 Rb8 33. Bd2
Rb7 34. Kg2 Kf7 35. Kf3 Ke6 36. Rd3 Bd6 37. Ke2 Rb6 38. Rb3 Kd5 39. Kd3 h5 40.
b5 h4 41. gxh4 Bxh2 42. Be3 Rb7 43. b6 Bd6 44. Rb5+ Kc6 45. Ra5 g6 46. Ke4 f5+
47. Kf3 Be7 48. h5 gxh5 49. Rxf5 1/2-1/2